000 00529nam a2200145Ia 4500
008 151213s9999 xx 000 0 und d
100 _aজুবাইদা গুলশান আরা।
245 _aবিবর্ণ নগরী।
_cজুবাইদা গুলশান আরা।
260 _aঢাকা
_bসরদার প্রকাশনী।
_c1995
300 _a8795 p.
650 _aBangla
650 _aগল্প
700 _aজুবাইদা গুলশান আরা।
999 _c4580
_d4580